Responses for Show #388 - Wednesday, March 5, 1986

Lionel Goldbart game 4.
Final Jeopardy! Round incomplete.

Contestants

[<< previous game]

Jaima Bennett, a college instructor from Long Beach, California

Ron Mark, a law student from Bellevue, Washington

Lionel Goldbart, a retired schoolteacher originally from Brooklyn, New York (whose 3-day cash winnings total $29,998)

[next game >>]

Jeopardy! Round responses

TRAVEL U.S.A.
GARDENING
THE BEATLES
WEAPONS
ZOOLOGY
WAYS & MEANS
    $100 3
Hawaii

Lionel
    $100 26
[The end-of-round signal sounds.]

lilies

Ron
    $100 6
(Jaima: What is "She Loves Him"?)
(Alex: Yes.)
(Jaima: Uh, THE BEATLES...)
(Alex: No, sorry.)

"She Loves You"

LionelJaima
    $100 15
(Jaima: What is a thunderbuss?)

a blunderbuss

LionelJaima
    $100 17
a camel

Ron
    $100 1
how do you blow soap bubbles

Lionel
    $200 5
(Ron: Where is Chicago?)

Boston

LionelRon
    $200 7
Beatlemania

Triple Stumper
    $200 18
is mightier than the sword

Ron
    $200 20
a wolf

Ron
    $200 2
how do you get a Manhattan

Ron
    $300 9
Superman

Ron
    $300 8
Lennon & McCartney

Ron
    $300 19
The Terminator

Lionel
    $300 21
the snapping turtle

Ron
    $300 4
how do you wave goodbye

Ron
    $400 10
Independence

Lionel
    $400 11
"The Walrus and the Carpenter"

Lionel
    $400 23
(Ron: What is a knife?)
(Alex: Be more specific.)
(Ron: What is a Swiss Army knife?)
(Jaima: What's a jackknife?)

a survival knife

RonJaima
Triple Stumper
    $400 22
(Lionel: What are sharks?)
(Ron: What are tuna?)
...
(Alex: We've got less than a minute to go in this round.)

barracuda

LionelRon
Triple Stumper
    $400 13
(Ron: What is how do you climb a mountain?)
(Alex: Be more specific.)

how do you climb Mount Everest

Ron
    $500 14
(Lionel: What is Seattle?)

Spokane

Lionel
Triple Stumper
    $500 12
(Alex: There were others who were called "The 5th Beatle", but Billy was the only one who was seriously considered as a possible 5th member of The Beatles group.)

Billy Preston

Triple Stumper
    $500 24
(Ron: What is a rifle?)

poison

Ron
Triple Stumper
    $500 25
a myna bird

Ron
    $500 16
how do you make gunpowder

Lionel

Scores at the first commercial break (after clue 12):

Lionel Ron Jaima
$1,300 $900 -$100

Scores at the end of the Jeopardy! Round:

Lionel Ron Jaima
$1,300 $1,400 -$600

Double Jeopardy! Round responses

1981
MUSICAL INSTRUMENTS
TV WESTERNS
FAMOUS PHARMACISTS
THE TROPICS
CRAZY TALK
    $200 4
Nissan

Ron
    $200 19
4

Lionel
    $200 13
(Alex: Correct, the series was Bonanza.)

the Cartwrights

Ron
    $200 3
Benedict Arnold

Ron
    $200 9
(Ron: What are penguins?)

tropical fish

RonJaima
    $200 1
crackers

Jaima
    $400 5
(Jaima: Uh, [*]?)
(Alex: Phrasing, remember.)

the marriage of Charles & Diana

Jaima
    $400 14
(Kwai Chang) Caine

Ron
    $400 8
(Alex: She was discovered at a malt shop across from Hollywood High, I believe.)

Schwab's

Ron
    $1,000 21
(Alex: [Prior to the wager] We've got about a minute to go in the round.)

the Congo

Ron
    $400 2
Looney Tunes

Lionel
    $600 6
the Sphinx

Jaima
    $600 15
The High Chaparral

Ron
    $600 18
(Ron: Who is Mondale?)

Hubert H. Humphrey

Ron
Triple Stumper
    $600 22
the rainforest

Lionel
    $600 10
(Alex: What is [*]?)
[Laughter]
(Alex: Sometimes happens with television game show hosts.)

not playing with a full deck

Triple Stumper
    $800 7
Spiro Agnew

Lionel
    $800 16
running for governor of California

Jaima
    $800 20
Amerigo Vespucci

Ron
    $800 11
(Lionel: What is no lights in?)
[Time's up]
(Lionel: The attic?)

the lights are on but no one's (nobody's) home

LionelJaima
    $1,000 23
(Alex: Hurry, Lionel.)
(Lionel: [Mumbles])

Kurt Waldheim

Lionel
    $1000 25
[The end-of-round signal sounds.]

Beethoven

Lionel
    $1000 17
Best of the West

Triple Stumper
    $1000 24
Goethe

Triple Stumper
    $1000 12
having a screw loose

Triple Stumper

Scores at the end of the Double Jeopardy! Round:

Lionel Ron Jaima
$2,500 $4,400 $2,400

[wagering suggestions for these scores]

Final Jeopardy! Round responses

ART
[The recording cut off before the reveal of the responses just as Alex indicated he was going to show an example of the Vitruvian Man.]
Jaima
$0
LionelWhat is circle & square?
$2,499
Ron
$0
circle & square

Final scores:

Lionel Ron Jaima
$4,999 $4,400 $2,400
4-day champion: $34,997 2nd place: trip on AirCal to San Francisco & stay at Holiday Lodge 3rd place: Jules Jurgensen his & her watches

Game dynamics:

Coryat scores:

Lionel Ron Jaima
$3,500 $3,800 $2,400
14 R,
4 W
(including 1 DD)
19 R
(including 1 DD),
6 W
6 R,
3 W

Combined Coryat: $9,700

[game clues] [game scores] [suggest correction]

Game tape date: 1985-10-22
The J! Archive is created by fans, for fans. Scraping, republication, monetization, and malicious use prohibited; this site may use cookies and collect identifying information. See terms. The Jeopardy! game show and all elements thereof, including but not limited to copyright and trademark thereto, are the property of Jeopardy Productions, Inc. and are protected under law. This website is not affiliated with, sponsored by, or operated by Jeopardy Productions, Inc. Join the discussion at JBoard.tv.